书目信息 |
| 题名: |
书画鉴定100讲
|
|
| 作者: | 赵强 著 | |
| 分册: | ||
| 出版信息: | 天津 百花文艺出版社 2009.04 |
|
| 页数: | 203页 | |
| 开本: | 23cm | |
| 丛书名: | 收藏与鉴赏百讲丛书 | |
| 单 册: | ||
| 中图分类: | J212.05 | |
| 科图分类: | ||
| 主题词: | 中国话--zhong guo hua--法书--鉴定--中国 , 汉字--han zi--法书--鉴定--中国 | |
| 电子资源: | ||
| ISBN: | 978-7-5306-5166-7 | |
| 000 | 00950nam 2200265 450 | |
| 001 | 012010553223 | |
| 005 | 20101109165827.83 | |
| 010 | @a978-7-5306-5166-7@dCNY47.00 | |
| 100 | @a20101107d2009 em y0chiy0120 ea | |
| 101 | 0 | @achi |
| 102 | @aCN@b120000 | |
| 105 | @aah z 000yy | |
| 106 | @ar | |
| 200 | 1 | @a书画鉴定100讲@Ashu hua jian ding 100 jiang@f赵强著@Fzhao qiang zhu |
| 210 | @a天津@c百花文艺出版社@d2009.04 | |
| 215 | @a203页@c彩图, 摹真@d23cm | |
| 225 | 2 | @a收藏与鉴赏百讲丛书@Ashou cang yu jian shang bai jiang cong shu |
| 330 | @a书画收藏是近年的社会热点之一。本书介绍了书画作品真伪鉴定中的基本知识,对读者去伪存真、提高鉴定能力和水平有帮助。配图数十幅。 | |
| 410 | 0 | @12001 @a收藏与鉴赏百讲丛书 |
| 606 | 0 | @a中国话@Azhong guo hua@x法书@x鉴定@y中国 |
| 606 | 0 | @a汉字@Ahan zi@x法书@x鉴定@y中国 |
| 690 | @aJ212.05@v4 | |
| 701 | 0 | @a赵强@Azhao qiang@4著 |
| 801 | 0 | @aCN@bQSSK@c20101109 |
| 905 | @b788168-69@dJ212.05@eZ312@f2 | |
| 书画鉴定100讲/赵强著.-天津:百花文艺出版社,2009.04 |
| 203页:彩图, 摹真;23cm.-(收藏与鉴赏百讲丛书) |
| ISBN 978-7-5306-5166-7:CNY47.00 |
| 书画收藏是近年的社会热点之一。本书介绍了书画作品真伪鉴定中的基本知识,对读者去伪存真、提高鉴定能力和水平有帮助。配图数十幅。 |
| ● |
| 相关链接 |
|
|
|
正题名:书画鉴定100讲
索取号:J212.05/Z312
 
预约/预借
| 序号 | 登录号 | 条形码 | 馆藏地/架位号 | 状态 | 备注 |
| 1 | 788168 | 207881684 | 社科库309/309社科库 68排4列5层/ [索取号:J212.05/Z312] | 在馆 | |
| 2 | 788169 | 207881693 | 艺术设计学院资料室/ [索取号:J212.05/Z312] | 在馆 |